Rembrandt /
Uložené v:
| Hlavný autor: | |
|---|---|
| Médium: | Kniha |
| Jazyk: | German |
| Vydané: |
Leipzig :
VEB E.A. Seemann Verlag,
1956.
|
| Vydanie: | 1. Aufl. |
| ISBN: |
(viaz.) |
| Fyzický popis: |
105, [1] s. : obr. |
| Tagy: |
Pridať tag
Žiadne tagy, Buďte prvý kto otaguje tento záznam!
|
Titul je dostupný aj v ... 

MARC
| LEADER | 00000nam a2200000 a 4500 | ||
|---|---|---|---|
| 001 | 000151113 | ||
| 005 | 20100919231702.0 | ||
| 008 | 071105s1956 gw e ger d | ||
| 020 | |a (viaz.) |c Kčs 84,50 | ||
| 040 | |a SVKKK |b slo |c SVKKK |e AACR2 | ||
| 041 | 0 | |a ger | |
| 044 | |a gw |c DE | ||
| 100 | 1 | |a Jahn, Johannes, |d 1892-1976 |4 aut | |
| 245 | 1 | 0 | |a Rembrandt / |c Johannes Jahn. |
| 250 | |a 1. Aufl. | ||
| 260 | |a Leipzig : |b VEB E.A. Seemann Verlag, |c 1956. | ||
| 300 | |a 105, [1] s. : |b obr. | ||
| 500 | |a Zoznam obr. | ||
| 910 | |a svkkk | ||
| 998 | |a BK | ||
| 090 | |g SCKHL |k Sklad Pribinova 3. posch. |a V.14962 |j 146359 |i 2720863048 |s Prezenčne | ||